| 000 | 00000cam 2200000zi 4500 |
| 001 | 9.962080 |
| 003 | CaOODSP |
| 005 | 20260504105204 |
| 006 | m o d f |
| 007 | cr cn||||||||| |
| 008 | 260421s2026 onca ob f000 0 eng d |
| 020 | |a9780660996578 |
| 040 | |aCaOODSP|beng|erda|cCaOODSP |
| 043 | |an-cn--- |
| 086 | 1 |aPS84-261/2026E-PDF |
| 100 | 1 |aFarrell MacDonald, Shanna, |eauthor. |
| 245 | 10|aWhat we know about security threat groups (STGs) / |cShanna Farrell MacDonald, Sarah Cram, Angela Smeth & Dena Derkzen. |
| 264 | 1|aOttawa, Ontario : |bCorrectional Service Canada = Service correctionnel du Canada, |c2026. |
| 300 | |a1 online resource (ii, 19 pages) : |bcolour illustrations. |
| 336 | |atext|btxt|2rdacontent |
| 337 | |acomputer|bc|2rdamedia |
| 338 | |aonline resource|bcr|2rdacarrier |
| 490 | 0 |aSpecial report ; |vn° SR-26-01 |
| 500 | |aIssued also in French under title: Ce que nous savons au sujet des groupes menaçant la sécurité. |
| 504 | |aIncludes bibliographical references (pages 14-19). |
| 520 | |a"The Correctional Service of Canada (CSC) defines Security Threat Groups (STGs) as "any formal or informal on-going inmate/offender group, gang, organization or association consisting of three or more members" (Commissioner’s Directive 568-3, 2016). CSC is currently reviewing and updating the policy and this definition. Federally incarcerated offenders affiliated with STGs can pose population management and operational security concerns for CSC. To ensure a current understanding of the STG affiliated sub-population, recently completed research focused on pathways or trajectories to STG affiliation, STG disaffiliation, and comparisons across STG subgroups. …"--Page 1. |
| 650 | 0|aPrison gangs|zCanada. |
| 650 | 0|aGang members|zCanada. |
| 650 | 0|aPrisoners|zCanada. |
| 710 | 2 |aCorrectional Service Canada, |eissuing body. |
| 775 | 08|tCe que nous savons au sujet des groupes menaçant la sécurité / |w(CaOODSP)9.962081 |
| 856 | 40|qPDF|s3.88 MB|uhttps://publications.gc.ca/collections/collection_2026/scc-csc/PS84-261-2026-eng.pdf |